000 01195cam a22003377a 4500
003 CHAP
005 20220329141349.0
008 971013s1986 r 00010 d
010 _a67058
011 _a68030
035 _a77502
040 _cCHAP
090 _aTesis
100 0 0 _aBravo Díaz, Luis Alberto.
_915124
245 0 _aFactores que influyen en la adaptación de tecnología en el cultivo de cebada (Hordeum vulgare spp.) en Apan, Hidalgo
260 _aChapingo, Méx. :
_bEl autor,
_c1986
300 _a129 h.
502 _aTesis (Ing. Agrónomo Esp. en Economía Agrícola) -- UACH. Departamento de Economía Agrícola
590 _aALEPH
_b10
_c20130110
_lUCH01
_h1401
590 _aBATCH-UPD
_b10
_c20130110
_lUCH01
_h0738
590 _aBATCH-UPD
_b10
_c20130110
_lUCH01
_h2357
590 _aBATCH-UPD
_b10
_c20130410
_lUCH01
_h0420
590 _aBATCH-UPD
_b10
_c20130914
_lUCH01
_h0820
590 _aCONVERSION
_b10
_c20130109
_lUCH01
_h1337
650 1 4 _aAgricultura
_xInnovaciones tecnológicas.
_91565
650 1 4 _aCebada
_xHidalgo.
_920685
700 0 _aCamacho Rubio, Santiago.
_917706
901 _aBK
942 _cTESIS
949 _bBC
_cTES
_d-30372
_eTS1
_h20972
_i77502
_si
999 _c67058
_d67058